Statistiques concernant FRANCAIS ACTIF A L'UFC

Cliquez ici pour prendre le quiz!

Statistiques générales

  • Ce quiz a été pris 1 153 fois
  • Le résultat moyen est 5 sur 8

Statistiques - réponses

HintRéponse% Correct
3Ciryl GANE
98%
7Benoit SAINT-DENIS
89%
5Nassourdine IMAVOV
65%
2Manon FIOROT
58%
4William GOMIS
52%
6Taylor LAPILUS
42%
8Fares ZIAM
38%
1Zarah FAIRN
9%

Distribution des résultats

Percentile par nombre de réponses

% des personnes avec chaque résultat

Votre développement - résultats

Vous n’avez pas pris ce quiz